R v Secretary of State for Environment Food and Rural Affairs ex p Ashbrook (Record no. 118332)

MARC details
000 -LEADER
fixed length control field 01794cam a2200265 4500
001 - CONTROL NUMBER
control field ABS68469
008 - FIXED-LENGTH DATA ELEMENTS--GENERAL INFORMATION
fixed length control field 041118n2004 000 0 eng u
035 ## - SYSTEM CONTROL NUMBER
System control number (Sirsi) u128030
245 ## - TITLE STATEMENT
Title R v Secretary of State for Environment Food and Rural Affairs ex p Ashbrook
260 ## - PUBLICATION, DISTRIBUTION, ETC.
Date of publication, distribution, etc. 2004
520 ## - SUMMARY, ETC.
Summary, etc. [2004] EWHC 2387 (Admin), 29 October 2004. Claimant A sought a declaration that the defendant SOS had acted unlawfully in granting consent under the Law of Property Act 1925 s194 for the erection of stock fencing on a common without holding a public inquiry. Considers statutory provision and interpretation of the term inquiries in s194 which is taken as meaning seeking information or referring to a public inquiry. Whilst recognising that s194 could be construed as stating that a public inquiry should be held in every instance it acknowledges that it would be impractical for a public inquiry to be held in all cases. "Held": that the SoS adopted the correct strategy in refusing to hold a public inquiry. Application rejected. View judgment at www.courtserrvice.gov.uk
590 ## - LOCAL NOTE (RLIN)
Local note ABS
590 ## - LOCAL NOTE (RLIN)
Local note ABS
590 ## - LOCAL NOTE (RLIN)
Local note ABS
650 ## - SUBJECT ADDED ENTRY--TOPICAL TERM
Topical term or geographic name entry element R V SOS ENVIRONMENT FOOD AND RURAL AFFAIRS EX P ASHBROOK
650 ## - SUBJECT ADDED ENTRY--TOPICAL TERM
Topical term or geographic name entry element LAW OF PROPERTY ACT 1925 S194
650 ## - SUBJECT ADDED ENTRY--TOPICAL TERM
Topical term or geographic name entry element FENCING
650 ## - SUBJECT ADDED ENTRY--TOPICAL TERM
Topical term or geographic name entry element COMMON LAND
650 ## - SUBJECT ADDED ENTRY--TOPICAL TERM
Topical term or geographic name entry element PUBLIC INQUIRY
690 ## - LOCAL SUBJECT ADDED ENTRY--TOPICAL TERM (OCLC, RLIN)
Topical term or geographic name as entry element PROPERTY AND LAND LAW-CASE LAW
856 ## - ELECTRONIC LOCATION AND ACCESS
Uniform Resource Identifier <a href="https://www.courtservice.gov.uk/judgmentsfiles/j2874/r-v-ssfef&ra.htm">https://www.courtservice.gov.uk/judgmentsfiles/j2874/r-v-ssfef&ra.htm</a>
Public note view judgment on the Court Service website...
856 ## - ELECTRONIC LOCATION AND ACCESS
Uniform Resource Identifier <a href="https://www.courtservice.gov.uk/judgmentsfiles/j2874/r-v-ssfef&ra.htm">https://www.courtservice.gov.uk/judgmentsfiles/j2874/r-v-ssfef&ra.htm</a>
Public note view judgment on the Court Service website...
856 ## - ELECTRONIC LOCATION AND ACCESS
Uniform Resource Identifier <a href="https://www.courtservice.gov.uk/judgmentsfiles/j2874/r-v-ssfef&ra.htm">https://www.courtservice.gov.uk/judgmentsfiles/j2874/r-v-ssfef&ra.htm</a>
Public note view judgment on the Court Service website...
942 ## - ADDED ENTRY ELEMENTS (KOHA)
Suppress in OPAC 0
Holdings
Withdrawn status Lost status Source of classification or shelving scheme Damaged status Not for loan Home library Current library Shelving location Date acquired Total Checkouts Full call number Barcode Date last seen Copy number Price effective from Koha item type
    Dewey Decimal Classification     London London Journal article 18/11/2004   ABS68469 128030-1001 06/08/2019 1 06/08/2019 Law report
    Dewey Decimal Classification     Virtual Virtual Online 18/11/2004   ONLINE 128030-2001 06/08/2019 1 06/08/2019 Law report